000 00591nam a2200229Ia 4500
005 20260320201940.0
008 008 262003s9999 xx 000 0 eng d
037 _aEBOOK
040 _aCRL
040 _beng
040 _cCRL
041 _2eng
041 _aeng
084 _qCRL
100 _aJacquier
_91136394
245 0 _aQuantum Machine Learning and Optimisation in Finance: On the Road to Quantum Advantage
260 _bIEEE
856 _uhttps://ieeexplore.ieee.org/servlet/opac?bknumber=10162583
942 _cEBOOK
999 _c1724445
_d1724445